| 000 | 00715nam a2200229 a 4500 | ||
|---|---|---|---|
| 001 | 000014570 | ||
| 005 | 20200929163853.0 | ||
| 008 | 100114s1995 pe a 000 0bspa d | ||
| 020 | _a8483896214 | ||
| 040 |
_aDO-SdBNP _bspa _cBNPHU |
||
| 082 |
_a923.5 _bQ7D |
||
| 100 | 1 |
_aDargent Chamot, Eduardo, _d1945- _932990 |
|
| 245 | 1 | 0 |
_aJosé A. Quiñonez / _cEduardo Dargent Chamot. |
| 260 |
_aLima, Perú : _bBrasa, _c1995. |
||
| 300 |
_a125 p. : _bil. ; _c21 cm. |
||
| 490 | 1 |
_aForjadores del Perú _v9 |
|
| 600 | 1 | 4 |
_aQUIÑONES, JOSÉ A., _d1914-1941 _xBIOGRAFÍAS _932991 |
| 650 | 4 |
_aAviación militar _zPerú _932992 |
|
| 650 | 4 |
_aHeroes _zPerú _932985 |
|
| 830 | 0 |
_aForjadores del Perú ; _v9 _932959 |
|
| 049 | _aBNGR | ||
| 999 |
_c14157 _d14157 |
||